NBA Draft 2019 - Statistics

General Stats
  • This quiz has been taken 57 times
  • The average score is 16 of 60
Answer Stats
Pick Team Position School/Team Player % Correct
1 New Orleans Pelicans PF Duke Zion Williamson
100%
2 Memphis Grizzlies PG Murray State Ja Morant
98%
5 Cleveland Cavaliers PG Vanderbilt Darius Garland
84%
3 New York Knicks SG/SF Duke RJ Barrett
84%
7 Chicago Bulls PG North Carolina Coby White
76%
22 Boston Celtics PF Tennessee Grant Williams
67%
13 Miami Heat SG Kentucky Tyler Herro
63%
4 Los Angeles Lakers (to ATL) SF Virginia De'Andre Hunter
61%
10 Atlanta Hawks SF Duke Cam Reddish
55%
11 Minnesota Timberwolves (to PHX) SF North Carolina Cameron Johnson
49%
29 San Antonio Spurs SF Kentucky Keldon Johnson
49%
8 Atlanta Hawks (to NOP) C Texas Jaxson Hayes
47%
9 Washington Wizards PF Gonzaga Rui Hachimura
45%
6 Phoenix Suns (to MIN) SG Texas Tech Jarrett Culver
41%
12 Charlotte Hornets PF Kentucky P.J. Washington
41%
21 Oklahoma City Thunder (to MEM) PF Gonzaga Brandon Clarke
39%
33 Philadelphia 76ers (to BOS) PG Purdue Carsen Edwards
33%
28 Golden State Warriors SG Michigan Jordan Poole
33%
14 Boston Celtics SG Indiana Romeo Langford
33%
30 Milwaukee Bucks (to CLE) SG USC Kevin Porter Jr.
24%
20 Boston Celtics (to PHI) SF Washington Matisse Thybulle
24%
44 Miami Heat (to DEN) C Oregon Bol Bol
22%
16 Orlando Magic PF Auburn Chuma Okeke
22%
18 Indiana Pacers C Mega Bemax (Serbia) Goga Bitadze
22%
55 New York Knicks (to SAC) SG Virginia Kyle Guy
22%
31 Brooklyn Nets PF Georgia Nicolas Claxton
22%
24 Philadelphia 76ers (to BOS) PG Virginia Ty Jerome
22%
36 Charlotte Hornets SF Nevada Cody Martin
20%
52 Charlotte Hornets PF San Diego State Jalen McDaniels
20%
25 Portland Trail Blazers SF North Carolina Nassir Little
20%
17 Brooklyn Nets (to NOP) SG Virginia Tech Nickeil Alexander-Walker
18%
15 Detroit Pistons SF Limoges CSP (France) Sekou Doumbouya
18%
46 Orlando Magic (to LAL) SG Iowa State Talen Horton-Tucker
18%
34 Philadelphia 76ers (to ATL) C Maryland Bruno Fernando
16%
41 Golden State Warriors PF Villanova Eric Paschall
16%
48 Los Angeles Clippers SF Florida State Terance Mann
16%
38 Chicago Bulls C Arkansas Daniel Gafford
14%
26 Cleveland Cavaliers SF Belmont Dylan Windler
14%
42 Philadelphia 76ers (to WAS) SF Tennessee Admiral Schofield
12%
43 Minnesota Timberwolves SG Washington Jaylen Nowell
12%
58 Golden State Warriors (to UTA) SG Yale Miye Oni
12%
23 Utah Jazz (to OKC) SF Princeton HS Darius Bazley
10%
56 Los Angeles Clippers (to BKN) PG UCLA Jaylen Hands
10%
32 Phoenix Suns (to MIA) SF Stanford KZ Okpala
10%
19 San Antonio Spurs PF Olimpia Ljubljana (Slovenia) Luka Šamanić
10%
27 Brooklyn Nets (to LAC) C Florida State Mfiondu Kabengele
10%
51 Boston Celtics PG LSU Tremont Waters
10%
39 New Orleans (to GSW) C Santa Cruz Warriors (G League) Alen Smailagić
8%
57 New Orleans Pelicans (to DET) PG Tennessee Jordan Bone
8%
40 Sacramento Kings SG Wyoming Justin James
8%
49 San Antonio Spurs SG Mississippi State Quinndary Weatherspoon
8%
59 Toronto Raptors PF Miami Dewan Hernandez
6%
47 Sacramento Kings (to NYK) SF Michigan Ignas Brazdeikis
6%
45 Detroit Pistons (to DAL) SF Nebraska Isaiah Roby
6%
54 Philadelphia 76ers SG Iowa State Marial Shayok
6%
35 Atlanta Hawks (to NOP) SF Sesi/Franca (Brazil) Marcos Louzada Silva
4%
37 Dallas Mavericks (to DET) SF Rytas Vilnius (Lithuania) Deividas Sirvydis
2%
50 Indiana Pacers (to UTA) PF Charleston Jarrell Brantley
2%
53 Utah Jazz PG Hofstra Justin Wright-Foreman
2%
60 Sacramento Kings SG Partizan Belgrade (Serbia) Vanja Marinković
2%
No matching quizzes found
Score Distribution
Percent of People with Each Score
Percentile by Number Answered
Your Score History
You have not taken this quiz